Central Library OPAC University of Rajshahi

The Oxford companion to American literature / (Record no. 76573)

MARC details
000 -LEADER
fixed length control field 00861nam a2200277 a 4500
001 - CONTROL NUMBER
control field 76573
003 - CONTROL NUMBER IDENTIFIER
rucl marc code BD-RjUL
005 - DATE AND TIME OF LATEST TRANSACTION
control field 20211209082848.0
008 - FIXED-LENGTH DATA ELEMENTS--GENERAL INFORMATION
fixed length control field 191222s1948 nyu bd 00110deng d
035 ## - SYSTEM CONTROL NUMBER
System control number (BD-RjUL)76797
System control number 1613206
040 ## - CATALOGING SOURCE
Original cataloging agency NNX
Transcribing agency NNX
Modifying agency VSL
-- BD-RjUL
Language of cataloging eng
041 ## - LANGUAGE CODE
Language code of text/sound track or separate title eng
043 ## - GEOGRAPHIC AREA CODE
Geographic area code n-us---
082 1# - DEWEY DECIMAL CLASSIFICATION NUMBER
Edition number 23
Classification number 810.3
Author mark and year HAO 1948
100 1# - MAIN ENTRY--PERSONAL NAME
Personal name Hart, James D.
Fuller form of name (James David),
Dates associated with a name 1911-1990.
9 (RLIN) 236729
245 14 - TITLE STATEMENT
Title The Oxford companion to American literature /
Statement of responsibility, etc. by James D. Hart.
250 ## - EDITION STATEMENT
Edition statement 2nd ed., rev. and enl.
260 ## - PUBLICATION, DISTRIBUTION, ETC. (IMPRINT)
Place of publication, distribution, etc. New York :
Name of publisher, distributor, etc. Oxford University Press,
Date of publication, distribution, etc. 1948.
300 ## - PHYSICAL DESCRIPTION
Pagination viii, 890 p. ;
Size 24 cm.
500 ## - GENERAL NOTE
General note "Chronological index": p. 863-890.
650 #0 - SUBJECT ADDED ENTRY--TOPICAL TERM
Topical term or geographic name as entry element American literature
General subdivision Dictionaries.
9 (RLIN) 236730
Topical term or geographic name as entry element American literature
General subdivision Bio-bibliography.
9 (RLIN) 236731
942 ## - ADDED ENTRY ELEMENTS (KOHA)
Source of classification or shelving scheme Dewey Decimal Classification
Koha item type Books
Holdings
Lost status Source of classification or shelving scheme Damaged status Not for loan Collection code Permanent Location Current Location Shelving location Date acquired Source of acquisition Cost, normal purchase price Total Checkouts Full call number Date last seen Copy number Koha item type
  Dewey Decimal Classification   Not For Loan Non-fiction Central Library, University of Rajshahi Central Library, University of Rajshahi Reading Room 16/06/1955 Fancon pub 31.40   810.3 HAO 1948 22/12/2019 C-1 Books